South Eastern Kenya University

Library Online Public Access Catalogue


The art and science of digital compositing / (Record no. 5742)

MARC details
000 -LEADER
fixed length control field 00550cam a22001694a 4500
020 ## - ISBN
International Standard Book Number 0121339602 (acidfree paper)
050 00 - LIBRARY OF CONGRESS CALL NUMBER
Classification Number T 385
Item Number .B75
100 1# - MAIN ENTRY--Author
Personal name Brinkmann, Ron.
245 14 - TITLE
Title The art and science of digital compositing /
Statement of responsibility, etc Ron Brinkmann.
260 ## - PUBLICATION, DISTRIBUTION, ETC.(IMPRINT)
Place of publication, distribution, etc San Diego :
Name of publisher, distributor, etc Morgan Kaufmann,
Date of publication, distribution, etc c1999.
300 ## - PHYSICAL DESCRIPTION
Extent 364 p. :
500 ## - GENERALNOTE
General note Includes index.
650 #0 - SUBJECT--TOPIC
General subdivision Digital techniques.
856 41 - URL/ELECTRONIC LOCATION AND ACCESS
Uniform Resource Identifier <a href="http://www.loc.gov/catdir/toc/els033/99060086.html">http://www.loc.gov/catdir/toc/els033/99060086.html</a>
856 42 - URL/ELECTRONIC LOCATION AND ACCESS
Uniform Resource Identifier <a href="http://www.loc.gov/catdir/description/els033/99060086.html">http://www.loc.gov/catdir/description/els033/99060086.html</a>
942 ## - ADDED ENTRY ELEMENTS(KOHA)
Source of classification or shelving scheme Library of Congress Classification
Koha item type General circulation
Holdings
Source of classification or shelving scheme Not for loan Location (home branch) Sublocation (holding branch) Shelving location Date accessioned Full call number Barcode Koha item type Public note
Library of Congress Classification   Main Campus Library Main Campus Library   13/07/2015 T 385 .B75 2015/002742 General circulation smo
Kitui, Kenya.
+254736116989
library@seku.ac.ke